| 000 | 04687cam a22006734i 4500 | ||
|---|---|---|---|
| 003 | PE-LiUPU | ||
| 005 | 20250731173057.0 | ||
| 008 | 150623s1998 xxu rb 000 0 eng d | ||
| 020 |
_a1883925223 _q(tapa rústica) |
||
| 020 |
_a9781883925222 _q(tapa rústica) |
||
| 035 | _a(Sirsi) i9781883925222 | ||
| 035 | _a(Sirsi) i9781883925222 | ||
| 040 |
_aPE-LiUPU _bspa _cPE-LiUPU _erda |
||
| 049 | _aPRUA | ||
| 050 |
_aBV676 _b.W66 1998 |
||
| 082 | 0 | 4 |
_a262.14 _bW95 _221 |
| 082 | 0 | 4 |
_a262.14 _bW95 1998 |
| 082 | 0 | 4 |
_a262.146732 _bV99 _221 |
| 245 | 0 | 0 |
_aWomen in ministry : _biblical and historical perspectives / _cSpecial Committee, SDA Theological Seminary ; editor, Nancy Vyhmeister. |
| 264 | 1 |
_aBerrien Spring, MI : _bAndrews University Press, _c1998. |
|
| 300 |
_a439 páginas : _bilustraciones, gráficos ; _c23 centímetros |
||
| 336 |
_atext _2rdacontent |
||
| 337 |
_aunmediated _2rdamedia |
||
| 338 |
_avolume _2rdacarrier |
||
| 504 | _aIncluye bibliografía. | ||
| 505 | 0 | _aMinistry in tThe priesthood of all believers / Raoul Dederen -- Women priests in Israel : a case for their absence / Jacques B. Doukhan -- Shapes of ministry in the New Testament and early church / Robert M. Johnston -- Laying on of hands in ordination : a biblical study / Keith Mattingly -- Clerical authority and ordination in the early Christian church / Daniel A. Augsburger -- Early Seventh-day Adventists and ordination, 1844-1863 / George R. Knight -- Ordination in the writings of Ellen G. White / J.H. Denis Fortin -- A theological understanding of ordination / Russell L. Staples -- Women in Scripture : a survey and evaluation / Jo Ann Davidson -- "A power that exceeds that of men" : Ellen G. White on women in ministry / Jerry Moon -- Nineteenth-century women in adventist ministry against the backdrop of their times / Michael Bernoi -- SDA women in ministry, 1970-1998 / Randal R. Wisbey -- Headship, submission, and equality in Scripture / Richard M. Davidson -- Equality, headship, and submission in the writings of Ellen G. White / Peter M. van Bemmelen -- How does a woman prophesy and keep silence at the same time? (1 Corinthians 11 and 14) / W. Larry Richards -- Proper church behavior in 1 Timothy 2:8-15 / Nancy Jean Vyhmeister -- Ellen White and women's rights / Alicia A. Worley -- The distance and the difference : reflections on issues of slavery and women's ordination in adventism / Walter B.T. Douglas -- The ordination of women in light of the character of God / Roger L. Dudley -- Culture and biblical understanding in a world church / Jon L. Dybdahl. | |
| 526 | _aSEG42 | ||
| 526 | _aSEG41 | ||
| 526 | _aSEG40 | ||
| 526 | _aSEG39 | ||
| 526 | _aP94 | ||
| 526 | _aP87 | ||
| 526 | _aP86 | ||
| 526 | _aP85 | ||
| 526 | _aP77 | ||
| 526 | _aP76 | ||
| 526 | _aP35 | ||
| 650 | 0 | 4 |
_aOrdenación de la mujer _xIASD. |
| 650 | 0 | 4 |
_aOrdienación _xIASD. |
| 700 | 1 |
_aVyhmeister, Nancy, _eed. |
|
| 942 |
_2ddc _cBOOK |
||
| 949 |
_a262.14 W95 _wDEWEY _c1 _i48122 _lCCODEBUL1 _mBUL _r0 _sY _tBOOK _u2015-6-24 _xTEOLOGIA _PP35 _0COMPRA _o.STAFF. Colección General |
||
| 949 |
_a262.14 W95 _wDEWEY _c2 _i48638 _lCCODEBUL1 _mBUL _r0 _sY _tBOOK _u2015-6-24 _xTEOLOGIA _PP35 _0COMPRA _o.STAFF. Colección General |
||
| 949 |
_a262.14 W95 _wDEWEY _c3 _i50760 _lCCODEBUL1 _mBUL _r0 _sY _tBOOK _u2015-6-24 _xTEOLOGIA _PP35 _0COMPRA _o.STAFF. Colección General |
||
| 949 |
_aBV676 .W66 1998 _wDEWEY _c1 _i67199 _lCIW _lCCODEBUL1 _mBUL _r1 _sY _tBOOK _u2016-8-11 _xWHITE _zUNKNOWN _0COMPRA _o.STAFF. Centro White |
||
| 949 |
_a262.14 W95 1998 _wDEWEY _c1 _iFT01293 _lCCODEBUT1 _mBUT _p{Dolar}35.00 _r0 _sY _tBOOK _u2018-06-25 _xBIBLIOTECA _zUNKNOWN _o.STAFF. Colección General Tarapoto |
||
| 994 |
_aC0 _bPEPRU |
||
| 596 | _a1 2 4 | ||
| 999 |
_a262.14 W95 _wDEWEY _c27809 _i48122 _f2021-11-10 _g5 _lCCODEBUL1 _mBUL _q1 _r0 _sY _tBOOK _u2015-6-24 _xTEOLOGIA _PP35 _0COMPRA _o.STAFF. Colección General _d27809 |
||
| 999 |
_a262.14 W95 _wDEWEY _c2 _i48638 _lLOST _mBUL _r1 _sY _tBOOK _u2015-6-24 _xTEOLOGIA _PP35 _0COMPRA _o.STAFF. Colección General |
||
| 999 |
_a262.14 W95 _wDEWEY _c3 _i50760 _f2021-11-10 _g5 _lCCODEBUL1 _mBUL _q1 _r0 _sY _tBOOK _u2015-6-24 _xTEOLOGIA _PP35 _0COMPRA _o.STAFF. Colección General |
||
| 999 |
_a262.146732 V99 1998 _wDEWEY _c1 _iCW67199 _f2021-12-22 _g2 _lCCODECWL1 _mBWL _p10.00 _r1 _sY _tBOOK _u2016-8-11 _xWHITE _zUNKNOWN _0COMPRA _o.STAFF. Centro White |
||
| 999 |
_a262.14 W95 1998 _wDEWEY _c1 _iFT01293 _f2019-2-20 _g1 _lCCODEBUT1 _mBUT _p35.00 _r0 _sY _tBOOK _u2018-6-25 _xBIBLIOTECA _zUNKNOWN _0COMPRA _o.STAFF. Colección General Tarapoto |
||
| 980 |
_81 _gALBERTO SANCHEZ Responsable de Automatización |
||